[Event "Budapest Karacsonyi op 10th"]
[Site "Budapest"]
[Date "2018.12.29"]
[Round "4"]
[White "Kovacsy, Barnabas"]
[Black "Spanos, Nomikos"]
[Result "1-0"]
[WhiteElo "2057"]
[BlackElo "1801"]
[PlyCount "53"]
[EventDate "2018.12.27"]
[EventType "swiss"]
[EventRounds "7"]
[EventCountry "HUN"]
[SourceTitle "CBM 188 Extra"]
[Source "ChessBase"]
[SourceDate "2019.02.26"]
[SourceVersion "1"]
[SourceVersionDate "2019.02.26"]
[SourceQuality "1"]

1. e4 e5 2. Nf3 Nc6 3. Bb5 a6 4. Ba4 b5 5. Bb3 Nf6 6. 0-0 Be7 7. d4 d6 8. c3 0-0 9. h3 h6 10. Nbd2 Re8 11. Re1 Bf8 12. Nf1 g6 13. Ng3 Bd7 14. Nh4 Na5 15. Nxg6 Nxb3 16. Nxf8 Nxa1 17. Nxd7 Qxd7 18. Bxh6 Kh7 19. Bg5 Kg6 20. Bxf6 Kxf6 21. Nf5 Nc2 22. Qxc2 Rg8 23. Qd2 Rae8 24. dxe5+ Rxe5 25. Qh6+ Rg6 26. Qh4+ Rg5 27. f4 1-0